| 000 | 00385 a2200169 4500 | ||
|---|---|---|---|
| 001 | 74053 | ||
| 020 | _a8508015666 | ||
| 040 | _cAnchieta - Colégio São Paulo | ||
| 100 | _aChiavento, Júlio José | ||
| 240 | 1 | 0 |
_aA revolução de 1930 _lEsp |
| 245 | 1 | 0 | _aA revolução de 1930 |
| 300 | _a32 | ||
| 362 | 0 | _a1989 | |
| 440 | 1 | _aÁtica | |
| 650 | 4 | _aHistória do mundo | |
| 942 | _cBK | ||
| 999 |
_c74053 _d74053 |
||